Highest tourism countries in Africa - Statistics

General Stats
  • This quiz has been taken 140 times
  • The average score is 8 of 10
Answer Stats
Visitors Country % Correct
13M Egypt
100%
10.2M South Africa
99%
12.9M Morocco
98%
2.4M Algeria
94%
1.9M Kenya
92%
9.4M Tunisia
86%
2.0M Mozambique
62%
1.7M Botswana
61%
2.3M Zimbabwe
59%
2.0M Ivory Coast
42%
No matching quizzes found
Score Distribution
Percent of People with Each Score
Percentile by Number Answered
Your Score History
You have not taken this quiz